01320nam a22002057a 450000500170000000800410001702000180005804000070007604100120008308200200009510000170011524500640013226000540019630000310025036500550028152007130033665000210104965000250107070000190109520240127123607.0240125b ||||| |||| 00| 0 eng d a9789352133666 cAL aEnglish 223a006.7bBARW aDeane Barker aWeb Content Management: Systems Features and Best Practices aMumbaib Shroff Publishers and Distributorsc2016 axxii,352 p.bPBc23x18 cm. a7388b₹1200.00c₹d₹1500.00e20%f24-01-2024 aWeb Content Management Looking to select a web content management system (CMS), but confused about the promises, terminology, and buzzwords? Do you want to understand content management without having to dive into the underlying programming? This book provides a clear, unbiased overview of the entire web content management ecosystem, from platforms to implementations, without needing deeply technical knowledge. The information in "Web Content Management" will give you a foundation of understanding necessary to make better decisions about platforms, features, architectures, and implementation methods to ensure your project solves the right problems and positions your organizations for future success. aWeb sites Design aWeb site Development aBARKER (Deane)